02477nam a22003978i 4500001001900000003000700019005001700026006001900043007001500062008004100077020002700118020003700145024003100182035002200213040002600235041000800261050001100269072001700280072002500297072002500322082001700347100003700364245014500401300002200546490005000568490006900618504005100687520092100738546001201659651003001671651003101701776018201732830005101914830007001965856004402035BRILL9789004523722nllekb20260415154229.0m d cr un uuuua230131s2023 gw sb 001 0 eng d a9789004516120q(print) a9789004523722q(electronic book)7 a10.1163/97890045237222DOI z(OCoLC)1330690302 aNL-LeKBcNL-LeKBerda aeng 4aHF3838 7aHBJF2bicssc 7aHISx0030002bisacsh 7aHISx0260002bisacsh04a382.09512231 aSCHOTTENHAMMER, ANGELA,eauthor.10aChina and the Silk Roads (ca. 100 BC to 1800 AD) :bRole and Content of its Historical Access to the Outside World /cAngela Schottenhammer. a1 online resource1 aAsian Studies E-Books Online, Collection 20231 aCrossroads - History of Interactions across the Silk Routes ;v6 aIncludes bibliographical references and index. aThe book investigates China's relations to the outside world between ca. 100 BCE and 1800 AD. In contrast to most histories of the Silk Roads, the focus of this book clearly lies on the maritime Silk Road and on the period between Tang and high Qing, selecting aspects that have so far been neglected in research on the history of China's relations with the outside world. The author examines, for example, the power alliance between the Tang and the Arabs during Tang times, the specific role of fanbing 蕃兵 (frontier tribal troops) during Song times, the interrelationship between maritime commerce, military expansion, and environmental factors during the Yuan, the question of whether or not early Ming China can be considered a (proto-)colonialist country, the role force and violence played during the Zheng He expeditions, and what role of the Asia-Pacific world played for late Ming and early Qing rulers. aEnglish 0aChinaxCommercexHistory. 0aChinaxRelationsxHistory.08iPrint version:tChina and the Silk Roads (ca. 100 BC to 1800 AD) : Role and Content of its Historical Access to the Outside World.dLeiden ; Boston : Brill, 2023.z9789004516120 0aAsian Studies E-Books Online, Collection 2023. 0aCrossroads - History of Interactions across the Silk Routes ;v6.4 uhttp://dx.doi.org/10.1163/9789004523722